000 01057nam1a22002411 4500
001 rc\476697
005 20030616172717.3
035 _a(NLR Aleph) 005808816
090 _a5367804
_c5367804
100 _a20030616d1988 u |0rusy50 ca
101 0 _arus
102 _aRU
105 _ay |||||||||
200 1 _aПрименение ЭВМ в задачах технической эксплуатации автотранспортных средств
_eУчеб. пособие [для студентов по спец. 1505 - "Автомоб. хоз-во"]
_fГос. ком. СССР по нар. образованию, Челяб. политехн. ин-т им. Ленин. комсомола. Каф. "Автомоб. трансп."
210 _aЧелябинск
_cЧПИ
_d1988
215 _d20
700 1 _aМаляр
_bН. С.
_gНиколай Семенович
701 1 _aВетров
_bМ. К.
_gМихаил Кузьмич
801 0 _aRU
_bNLR
_gpsbo
801 1 _aRU
_bELAR
_2rusmarc
852 _aNLR
_j91-4/4865
942 _cBOOK
980 _aNB